书目信息 |
| 题名: |
唐宋历史笔记论丛
|
|
| 作者: | 姚继荣 , 姚忆雪 著 | |
| 分册: | ||
| 出版信息: | 北京 民族出版社 2016 |
|
| 页数: | 10,736页 | |
| 开本: | 24cm | |
| 丛书名: | 青海民族大学民族学博士点建设文库 | |
| 单 册: | ||
| 中图分类: | K242.066 | |
| 科图分类: | ||
| 主题词: | 笔记--bi ji--作品集--中国--唐宋时期 , 唐代--tang dai--历史--史料 , 宋代--song dai--历史--史料 | |
| 电子资源: | ||
| ISBN: | 978-7-105-14556-0 | |
| 000 | 01076nam0 22002891 450 | |
| 001 | 1738613244 | |
| 005 | 20170627164632.0 | |
| 010 | @a978-7-105-14556-0@dCNY130.00 | |
| 100 | @a20170104d2016 em y0chiy50 ea | |
| 101 | 0 | @achi |
| 102 | @aCN@b110000 | |
| 105 | @ay z 000yy | |
| 106 | @ar | |
| 200 | 1 | @a唐宋历史笔记论丛@9tang song li shi bi ji lun cong@f姚继荣,姚忆雪著 |
| 210 | @a北京@c民族出版社@d2016 | |
| 215 | @a10,736页@d24cm | |
| 225 | 2 | @a青海民族大学民族学博士点建设文库@9qing hai min zu da xue min zu xue bo shi dian jian she wen ku |
| 330 | @a本书共分九部分,内容包括:唐宋历史笔记述论、唐代历史笔记、五代历史笔记、北宋历史笔记、南宋历史笔记、辽金历史笔记。 | |
| 461 | 0 | @12001 @a青海民族大学民族学博士点建设文库 |
| 606 | 0 | @a笔记@9bi ji@x作品集@y中国@z唐宋时期 |
| 606 | 0 | @a唐代@9tang dai@x历史@j史料 |
| 606 | 0 | @a宋代@9song dai@x历史@j史料 |
| 690 | @aK242.066@v5 | |
| 701 | 0 | @a姚继荣@9yao ji rong@f(1960.9~)@4著 |
| 701 | 0 | @a姚忆雪@9yao yi xue@c(女,@f1991~)@4著 |
| 801 | 0 | @aCN@bTANGWEI@c20170621 |
| 905 | @b1016035-8@dK242.066@e34@f4 | |
| 唐宋历史笔记论丛/姚继荣,姚忆雪著.-北京:民族出版社,2016 |
| 10,736页;24cm.-(青海民族大学民族学博士点建设文库) |
| ISBN 978-7-105-14556-0:CNY130.00 |
| 本书共分九部分,内容包括:唐宋历史笔记述论、唐代历史笔记、五代历史笔记、北宋历史笔记、南宋历史笔记、辽金历史笔记。 |
| ● |
| 相关链接 |
|
|
|
|
正题名:唐宋历史笔记论丛
索取号:K242.066/34
 
预约/预借
| 序号 | 登录号 | 条形码 | 馆藏地/架位号 | 状态 | 备注 |
| 1 | 1016035 | 210160350 | 第二样本阅览室/ [索取号:K242.066/34] | 在馆 | |
| 2 | 1016036 | 210160369 | 教育系资料室/ [索取号:K242.066/34] | 在馆 | |
| 3 | 1016037 | 210160378 | 教育系资料室/ [索取号:K242.066/34] | 在馆 | |
| 4 | 1016038 | 210160387 | 第二借阅区/ [索取号:K242.066/34] | 在馆 |